| 000 | 00912nam a2200229 a 4500 | ||
|---|---|---|---|
| 001 | 54558 | ||
| 003 | BD-RjUL | ||
| 005 | 20211209080134.0 | ||
| 008 | 161107s1968 bg ||||| |||| 00| 0 ben d | ||
| 035 | _a(BD-RjUL)54680 | ||
| 040 |
_aBD-RjUL _bben _cBD-RjUL |
||
| 041 | _aben | ||
| 082 |
_223 _a509.22 _bYOP 1968 |
||
| 100 | 1 |
_aইয়স্ট, এড্না _9162742 |
|
| 245 | 1 | 0 |
_aপ্রখ্যাত মহিলা বিজ্ঞানী / _cএড্না ইয়স্ট, অনুবাদ : হাবিবুর রহমান |
| 260 |
_aঢাকা : _bনওরোজ কিতাবিতান, _c১৯৬৮. |
||
| 300 |
_a১৮৪ পৃ. ; _c২১ সেমি. |
||
| 650 |
_aনারী বিজ্ঞানী. _9162743 |
||
| 650 |
_aWomen scientists. _9162744 |
||
| 700 |
_aরহমান, হাবিবুর : অনুবাদ _9162745 |
||
| 942 |
_2ddc _cBK |
||
| 999 |
_c54558 _d54558 |
||